000
00342nam a2200157Ia 4500
003
Ost
005
20260225132546.0
008
260225s9999||||xx |||||||||||||| ||und||
040
_c
fsic
041
_a
fre
082
_a
440
100
_a
Montesquieu
_e
Auteur
245
0
_a
De l'esprit des lois /
245
0
_c
Montesquieu
942
_c
كتاب
999
_c
33872
_d
33872